Código de Aguas: anotaciones y concordancias, índice temático, títulos de artículos del cuerpo y de las normas del apéndice

Saved in:
Bibliographic Details
Corporate Author: Chile
Other Authors: Arévalo Cunich, Gonzalo, Ramírez Huanca, Dino
Format: Book
Language:Spanish
Published: Santiago, Chile: Legal Publishing; Thomson Reuters, 2017
Edition:Decimoséptima Edición.
Series:Colección de Códigos 2017
Subjects:
Tags: Add Tag
No Tags, Be the first to tag this record!

MARC

LEADER 00000cam a2200000 a 4500
001 UCD7663
003 CL-VaPUC
005 20250114124752.0
008 170331e20170000cl |||||||||||||||||spa|d
999 |c 367631  |d 367629 
020 |a 9789563468458 
040 |c Pontificia Universidad Católica de Valparaíso 
082 0 4 |a 346.04691 CHI 2017  |2 21 
110 1 |a Chile  |9 890760 
245 1 0 |a Código de Aguas: anotaciones y concordancias, índice temático, títulos de artículos del cuerpo y de las normas del apéndice 
250 |a Decimoséptima Edición.  |b Actualizada al 9 de enero de 2017. 
260 |a Santiago, Chile:  |b Legal Publishing;  |b Thomson Reuters,  |c 2017 
300 |a 350 páginas 
490 0 |a Colección de Códigos 2017 
505 |a -D.F.L. N.º 1.122. Fija texto del Código de Aguas. -Libro Primero. De las Aguas y del Derecho de Aprovechamiento. -Libro Segundo. De los Procedimientos. -Libro Tercero. Apéndice: -Constitución Política (Capítulo III. De los Derechos y Deberes Constitucionales Art. 19. 24°. [inciso final] -Decreto Ley N.º 2.603. Modifica y complementa el Acta Constitucional N.º 3; Y establece normas sobre derechos de aprovechamiento de aguas y faculta al Presidente de la República para que establezca el régimen jurídico general de las aguas. (D.O. de 23 de abril 1979) -Ley N.º 20.017. Modifica el Código de Aguas. (D.O. de 16 de junio de 2005) -Decreto N.º 203. Reglamento sobre Normas de Exploración y Explotación de aguas subterráneas (D.O. de 7 de marzo de 2014) -Decreto Supremo N.º 1.220. Aprueba reglamento del catastro público de aguas. (D.O. de 25 de julio de 1998) -Decreto con Fuerza de Ley N.º 1.123. Establece normas sobre ejecución de obras de riego por el Estado. (D.O. de 21 de diciembre de 1981) -Decreto Supremo N.º 285. Reglamenta procedimiento para la aplicación del D.F.L. N.º 1.123, de 1981, sobre ejecución de obras de riego por el Estado. (D.O. de 11 de enero de 1995) -Decreto con Fuerza de Ley N.º 7. Fija texto refundido del Decreto Ley N.º 1.172, de 1975, que creó la Comisión Nacional de Riego. (D.O. N.º 31.652, de 24 de agosto de 1983) -Decreto Supremo N.º 179. Fija el texto actualizado del Decreto N.º 795, de 1975, que aprobó el Reglamento de la Comisión Nacional de Riego. (D.O. N.º 31.949, de 16 de agosto de 1984) -Ley N.º 18.450. Aprueba normas para el fomento de la inversión privada en obras de riego y drenaje. (D.O. N.º 32.309, de 30 de octubre de 1985) -Decreto Supremo N.º 95. Aprueba nuevo Reglamento de la Ley N.º 18.450 de Fomento a la Inversión Privada en Obras de Riego y Drenaje, modificada por la Ley N.º 20.705. (D.O. de 23 de abril de 2005) -Decreto Supremo N.º 187. Reglamento sobre registro de organizaciones de usuarios. (D.O. N.º 31.604, de 28 de junio de 1983) -Decreto con Fuerza de Ley N.º 237. Fuentes termales. (D.O. N.º 15.982, de 28 de mayo de 1931) -Decreto Supremo N.º 106. Aprueba reglamento de aguas minerales. (D.O. N.º 35.790, de 14 de junio de 1997) -Decreto Ley N.º 3.557. Normas sobre protección de aguas en pro de la agricultura y la salud de los habitantes. (D.O. N.º 30.886, de 9 de febrero de 1981) -Ley N.º 11.402. Dispone que las obras de defensa y regularización de las riberas y cauces de los ríos, lagunas y esteros que se realicen con participación fiscal, solamente podrán ser ejecutadas y proyectadas por la Dirección de Obras Sanitarias del Ministerio de Obras Públicas. (D.O. de 16 de diciembre de 1953) -Ley N.º 20.411. Impide la constitución de derechos de aprovechamiento de aguas en virtud del artículo 4° transitorio de la Ley N.º 20.017 de 2005, en determinadas zonas o áreas. (D.O. de 29 de diciembre de 2009) -Ley N.º 20.491. Modifica el artículo único de la Ley N.º 20.411, de 2009. (D.O. de 24 de febrero de 2011) -Ley N.º 20.697. Facultad a los directorios de las comunidades de aguas y de las Juntas de Vigilancia, para representar a los interesados en los procedimientos de perfeccionamiento de títulos de Derecho de Aprovechamiento de aguas (D.O. de q2 de noviembre de 2013) -Decreto Supremo N.º 743. Fija Tabla de Equivalencias entre caudales de agua y usos, que refleja las prácticas habituales en el país en materia de aprovechamiento de aguas (D.O. de 16 de diciembre de 2005) 
583 |a last modification  |c 20170331 00:58:00  |k Rodrigo Vera 
650 0 |a Código de aguas   |9 380665 
650 0 |a Derecho de aguas  |x Jurisprudencia  |9 895181 
650 0 |a Abastecimiento de agua  |9 260374 
650 0 |a Uso del agua  |9 401818 
650 0 |a Aprovechamiento de aguas  |9 368432 
650 0 |a Procedimientos administrativos  |9 430309 
700 |a Arévalo Cunich, Gonzalo  |9 814193 
700 |a Ramírez Huanca, Dino  |9 861465 
942 |c BK  |2 ddc 
945 |d 20170331 00:58:00  |a arojas 
952 |0 0  |1 0  |3 erb  |4 0  |6 346_046910000000000_CHI_2017  |7 0  |8 R  |9 482626  |a BIBDER  |b BIBDER  |i 5371341  |o 346.04691 CHI 2017  |p 5371341  |r 2023-01-25  |w 2019-11-24  |y BK_R  |z Catalogado en:20170331  |k DER